00000000nam 2200000zi 4500
0019.946586
003CaOODSP
00520250121091710
006m     o  d f      
007cr bn|||||||||
008250107s1965    oncb    obfu f000 0 eng d
040 |aCaOODSP|beng|erda|cCaOODSP
043 |an-cn---
0861 |aNR24-28/1965-1E-PDF
1001 |aBoyd, Donald W., |eauthor.
24510|aClimatic information for building design in Canada 1965 : |bsupplement no. 1 to the National Building Code of Canada / |cby Donald W. Boyd ; issued by the Associate Committee on the National Building Code.
24610|aSupplement no. 1 to the National Building Code of Canada
250 |a[Third edition 1965].
264 1|aOttawa, Canada : |bNational Research Council, |c1965.
300 |a1 online resource (41 pages, 4 unnumbered pages) : |bmaps
336 |atext|btxt|2rdacontent
337 |acomputer|bc|2rdamedia
338 |aonline resource|bcr|2rdacarrier
500 |aCover title.
500 |aIssued also in French under title: Renseignements climatologiques pour le calcul des bâtiments au Canada, 1965 : supplément no 1 au Code national du bâtiment (Canada).
504 |aIncludes bibliographical references (page 10).
520 |a"The great diversity of climate in Canada has a considerable effect on the performance of buildings, and consequently the design of buildings should reflect this diversity. The purposes of this handbook are: firstly, by means of maps, to indicate the variability and general distribution of earthquake intensity, permafrost, and those climatic elements that are most frequently considered in building design; secondly, to explain briefly how the design weather values are computed; and, thirdly, to present recommended design data for a number of cities and towns and smaller populated places"--Page [3].
650 0|aBuilding laws|zCanada.
650 0|aBuildings|xStandards|zCanada.
650 0|aArchitecture and climate|zCanada|vHandbooks, manuals, etc.
655 7|aHandbooks and manuals|2lcgft
7102 |aNational Research Council of Canada. |bAssociate Committee on the National Building Code, |eissuing body.
77508|tRenseignements climatologiques pour le calcul des bâtiments au Canada, 1965 : |w(CaOODSP)9.946588
794 |tClimatic information for building design in Canada 1970 : |w(CaOODSP)9.946647
795 |tClimatic information for building design in Canada 1961 : |w(CaOODSP)9.946534
85640|qPDF|s2.11 MB|uhttps://publications.gc.ca/collections/collection_2025/cnrc-nrc/NR24-28-1965-1-eng.pdf
986 |a8329